000 00424nam a2200157 4500
001 127384
003 ES-MaACL
005 20230906193015.0
007 t|
008 070214s1930 xxu r ||||1| eng d
100 1 _aRichmond, Winifred.
_996967
245 1 4 _aThe adolescent girl /
_cby Winifred Richmond.
260 _aNew York :
_bMacMillan,
_c1930.
300 _aXIV, 212 p. ;
_c19 x 12 cm.
852 _aES-MaACL
_jA-3188
999 _c127384
_d127384